000 01132cam a2200337 4500
001 1235559
003 OSt
005 20260619093116.0
008 690814s1969 nyub b 000 0beng
010 _a 69015194
035 _a1235559
040 _aDLC
_cDLC
_dDLC
050 0 0 _aBS2506
_b.P58
082 0 0 _a225.9/24
100 1 _aPollock, John,
_d1924-2012.
245 1 4 _aThe apostle:
_ba life of Paul,
_cby John Pollock.
250 _a[1st ed.]
260 _aGarden City, N.Y.,
_bDoubleday,
_c1969.
300 _axiv, 244 p.
_bmaps (on lining papers)
_c22 cm.
336 _atext
_btxt
_2rdacontent
337 _aunmediated
_bn
_2rdamedia
338 _avolume
_bnc
_2rdacarrier
504 _aBibliographical references included in "Notes" (p. [239]-244)
583 _aCataloguing:
_c20260619
_kgtanuigtanui
600 0 0 _aPaul,
_cthe Apostle, Saint.
650 0 _aApostles
_vBiography.
655 7 _aBiographies.
_2lcgft
_0https://id.loc.gov/authorities/genreForms/gf2014026049
906 _a7
_bcbc
_corignew
_du
_encip
_f19
_gy-gencatlg
942 _2lcc
_cBK
999 _c21714
_d21713